Derniers visages des dieux d'Égypte : iconographies, panthéons et cultes dans le Fayoum hellénisé des IIe-IIIe siècles de notre ère /

محفوظ في:

المؤلف الرئيسي: Rondot, Vincent (مؤلف)

مؤلفون آخرون: Choimet, Henri, 1967-

التنسيق: كتاب

اللغة: French

منشور في: Paris : Presses de l'université Paris-Sorbonne, [2013].
©2013.

سلاسل: Passe present.

الموضوعات:

الوسوم: إضافة وسم

لا توجد وسوم, كن أول من يضع وسما على هذه التسجيلة!

رقم الطلب: ND1327 .E3 R66 2013

LEADER 01097nam a22002777a 4500
003 OSt
005 20250901091132.0
008 250303s2013 fr ab g b 001 0 fre d
020 |a 9782840508571 (Louvre) 
040 |c ARCE Library 
043 |a f-ua--- 
050 1 4 |a ND1327 .E3  |b R66 2013 
100 1 |a Rondot, Vincent,   |e author  |9 38650 
245 1 0 |a Derniers visages des dieux d'Égypte : iconographies, panthéons et cultes dans le Fayoum hellénisé des IIe-IIIe siècles de notre ère /   |c Vincent Rondot ; dessins d'Henri Choimet. 
264 1 |a Paris :   |b Presses de l'université Paris-Sorbonne,   |c [2013]. 
264 1 |c ©2013. 
300 |a 405 pages :   |b illustrations (some color), color maps ;   |c 29 cm. 
490 0 |a Passe present. 
504 |a Includes bibliographical references (pages 385-390) and index. 
650 0 |a Mummy portraits  |z Egypt  |z Fayyūm (Province). 
650 0 |a Portraits, Greek  |z Egypt  |z Fayyūm (Province). 
651 0 |a Fayyūm (Egypt : Province)   |x Antiquities. 
700 1 |a Choimet, Henri,   |d 1967-  |9 28019 
901 |a reviewed 
942 |c BK  |2 lcc 
999 |c 23824  |d 23824